<?xml version="1.0" encoding="UTF-8"?>
<record
    xmlns:xsi="http://www.w3.org/2001/XMLSchema-instance"
    xsi:schemaLocation="http://www.loc.gov/MARC21/slim http://www.loc.gov/standards/marcxml/schema/MARC21slim.xsd"
    xmlns="http://www.loc.gov/MARC21/slim">

  <leader>02352nam a22003257a 4500</leader>
  <controlfield tag="003">NALT</controlfield>
  <controlfield tag="005">20251015141548.0</controlfield>
  <controlfield tag="008">230619b        th ||||| |||| 00| 0 tha d</controlfield>
  <datafield tag="020" ind1=" " ind2=" ">
    <subfield code="a">9786164762008</subfield>
  </datafield>
  <datafield tag="040" ind1=" " ind2=" ">
    <subfield code="a">NALT</subfield>
  </datafield>
  <datafield tag="050" ind1=" " ind2=" ">
    <subfield code="a">HV 551.5.T5</subfield>
    <subfield code="b">&#xE17;179&#xE15; 2564</subfield>
  </datafield>
  <datafield tag="100" ind1="0" ind2=" ">
    <subfield code="9">18980</subfield>
    <subfield code="a">&#xE17;&#xE27;&#xE34;&#xE14;&#xE32; &#xE01;&#xE21;&#xE25;&#xE40;&#xE27;&#xE0A;&#xE0A;</subfield>
  </datafield>
  <datafield tag="245" ind1="1" ind2="0">
    <subfield code="a">&#xE23;&#xE31;&#xE10; &#xE17;&#xE49;&#xE2D;&#xE07;&#xE16;&#xE34;&#xE48;&#xE19;: &#xE15;&#xE49;&#xE19;&#xE17;&#xE32;&#xE07;&#xE41;&#xE2B;&#xE48;&#xE07;&#xE2D;&#xE33;&#xE19;&#xE32;&#xE08;&#xE41;&#xE25;&#xE30;&#xE1B;&#xE25;&#xE32;&#xE22;&#xE17;&#xE32;&#xE07;&#xE02;&#xE2D;&#xE07;&#xE28;&#xE31;&#xE01;&#xE22;&#xE20;&#xE32;&#xE1E;&#xE01;&#xE32;&#xE23;&#xE08;&#xE31;&#xE14;&#xE01;&#xE32;&#xE23;&#xE27;&#xE34;&#xE01;&#xE24;&#xE15;&#xE1E;&#xE37;&#xE49;&#xE19;&#xE17;&#xE35;&#xE48;&#xE40;&#xE2A;&#xE35;&#xE48;&#xE22;&#xE07;&#xE20;&#xE31;&#xE22; /</subfield>
    <subfield code="c">&#xE17;&#xE27;&#xE34;&#xE14;&#xE32; &#xE01;&#xE21;&#xE25;&#xE40;&#xE27;&#xE0A;&#xE0A;.</subfield>
  </datafield>
  <datafield tag="250" ind1=" " ind2=" ">
    <subfield code="a">&#xE1E;&#xE34;&#xE21;&#xE1E;&#xE4C;&#xE04;&#xE23;&#xE31;&#xE49;&#xE31;&#xE07;&#xE17;&#xE35;&#xE48; 1.</subfield>
  </datafield>
  <datafield tag="260" ind1=" " ind2=" ">
    <subfield code="a">&#xE01;&#xE23;&#xE38;&#xE07;&#xE40;&#xE17;&#xE1E;&#xE2F; :</subfield>
    <subfield code="b">&#xE2A;&#xE16;&#xE32;&#xE1A;&#xE31;&#xE19;&#xE1E;&#xE23;&#xE30;&#xE1B;&#xE01;&#xE40;&#xE01;&#xE25;&#xE49;&#xE32;,</subfield>
    <subfield code="c">2564.</subfield>
  </datafield>
  <datafield tag="300" ind1=" " ind2=" ">
    <subfield code="a">458 &#xE2B;&#xE19;&#xE49;&#xE32; :</subfield>
    <subfield code="b">&#xE20;&#xE32;&#xE1E;&#xE1B;&#xE23;&#xE30;&#xE01;&#xE2D;&#xE1A;, &#xE15;&#xE32;&#xE23;&#xE32;&#xE07; ; </subfield>
    <subfield code="c">21 &#xE0B;&#xE21;.</subfield>
  </datafield>
  <datafield tag="505" ind1="1" ind2=" ">
    <subfield code="a">1. &#xE01;&#xE49;&#xE32;&#xE27;&#xE41;&#xE23;&#xE01; "&#xE01;&#xE32;&#xE23;&#xE40;&#xE02;&#xE49;&#xE32;&#xE2A;&#xE39;&#xE48;&#xE20;&#xE32;&#xE27;&#xE30;&#xE27;&#xE34;&#xE01;&#xE24;&#xE15;" -- 2. &#xE1E;&#xE37;&#xE49;&#xE19;&#xE17;&#xE35;&#xE48;&#xE02;&#xE2D;&#xE07;&#xE27;&#xE34;&#xE01;&#xE24;&#xE15; "&#xE02;&#xE2D;&#xE1A;&#xE40;&#xE02;&#xE15;&#xE21;&#xE35;&#xE08;&#xE23;&#xE34;&#xE07;&#xE2B;&#xE23;&#xE37;&#xE2D;&#xE44;&#xE21;&#xE48;" -- 3. &#xE2A;&#xE21;&#xE01;&#xE32;&#xE23;&#xE04;&#xE27;&#xE32;&#xE21;&#xE40;&#xE2A;&#xE35;&#xE48;&#xE22;&#xE07; "&#xE28;&#xE31;&#xE01;&#xE22;&#xE20;&#xE32;&#xE1E;&#xE02;&#xE2D;&#xE07;&#xE1E;&#xE37;&#xE49;&#xE19;&#xE17;&#xE35;&#xE48;&#xE43;&#xE19;&#xE27;&#xE34;&#xE01;&#xE24;&#xE15;" -- 4. &#xE01;&#xE32;&#xE23;&#xE08;&#xE31;&#xE14;&#xE01;&#xE32;&#xE23;&#xE27;&#xE34;&#xE01;&#xE24;&#xE15; "&#xE07;&#xE32;&#xE19;&#xE2B;&#xE19;&#xE49;&#xE32;&#xE1A;&#xE49;&#xE32;&#xE19; &#xE2B;&#xE25;&#xE31;&#xE07;&#xE1A;&#xE49;&#xE32;&#xE19; &#xE2B;&#xE25;&#xE31;&#xE07;&#xE04;&#xE32; &#xE40;&#xE2A;&#xE32;&#xE40;&#xE2D;&#xE01; &#xE41;&#xE25;&#xE30;&#xE43;&#xE15;&#xE49;&#xE16;&#xE38;&#xE19;&#xE40;&#xE23;&#xE37;&#xE2D;&#xE19; -- 5. &#xE21;&#xE32;&#xE15;&#xE23;&#xE10;&#xE32;&#xE19;&#xE2A;&#xE32;&#xE01;&#xE25;&#xE01;&#xE31;&#xE1A;&#xE04;&#xE27;&#xE32;&#xE21;&#xE40;&#xE09;&#xE1E;&#xE32;&#xE30;&#xE02;&#xE2D;&#xE07;&#xE1E;&#xE37;&#xE49;&#xE19;&#xE17;&#xE35;&#xE48; "&#xE2D;&#xE30;&#xE44;&#xE23;&#xE17;&#xE35;&#xE48;&#xE17;&#xE33;&#xE44;&#xE14;&#xE49;".</subfield>
  </datafield>
  <datafield tag="650" ind1=" " ind2="4">
    <subfield code="a">&#xE01;&#xE32;&#xE23;&#xE08;&#xE31;&#xE14;&#xE01;&#xE32;&#xE23;&#xE20;&#xE32;&#xE27;&#xE30;&#xE27;&#xE34;&#xE01;&#xE24;&#xE15;</subfield>
    <subfield code="9">32732</subfield>
  </datafield>
  <datafield tag="650" ind1=" " ind2="4">
    <subfield code="9">17948</subfield>
    <subfield code="a">&#xE01;&#xE32;&#xE23;&#xE08;&#xE31;&#xE14;&#xE01;&#xE32;&#xE23;&#xE43;&#xE19;&#xE20;&#xE32;&#xE27;&#xE30;&#xE27;&#xE34;&#xE01;&#xE24;&#xE15; </subfield>
    <subfield code="z">&#xE44;&#xE17;&#xE22;</subfield>
  </datafield>
  <datafield tag="650" ind1=" " ind2="4">
    <subfield code="9">61073</subfield>
    <subfield code="a">&#xE01;&#xE32;&#xE23;&#xE08;&#xE31;&#xE14;&#xE01;&#xE32;&#xE23;&#xE20;&#xE32;&#xE27;&#xE30;&#xE27;&#xE34;&#xE01;&#xE24;&#xE15;&#xE43;&#xE19;&#xE20;&#xE32;&#xE04;&#xE23;&#xE31;&#xE10;</subfield>
  </datafield>
  <datafield tag="650" ind1=" " ind2="0">
    <subfield code="a">&#xE20;&#xE31;&#xE22;&#xE1E;&#xE34;&#xE1A;&#xE31;&#xE15;&#xE34;</subfield>
    <subfield code="x">&#xE01;&#xE32;&#xE23;&#xE08;&#xE31;&#xE14;&#xE01;&#xE32;&#xE23;</subfield>
    <subfield code="9">1995</subfield>
  </datafield>
  <datafield tag="650" ind1=" " ind2="0">
    <subfield code="a">&#xE20;&#xE31;&#xE22;&#xE1E;&#xE34;&#xE1A;&#xE31;&#xE15;&#xE34;</subfield>
    <subfield code="x">&#xE01;&#xE32;&#xE23;&#xE08;&#xE31;&#xE14;&#xE01;&#xE32;&#xE23;</subfield>
    <subfield code="9">1995</subfield>
  </datafield>
  <datafield tag="650" ind1=" " ind2="4">
    <subfield code="a">&#xE01;&#xE32;&#xE23;&#xE1B;&#xE01;&#xE04;&#xE23;&#xE2D;&#xE07;&#xE17;&#xE49;&#xE2D;&#xE07;&#xE16;&#xE34;&#xE48;&#xE19;</subfield>
    <subfield code="9">5739</subfield>
  </datafield>
  <datafield tag="850" ind1=" " ind2=" ">
    <subfield code="a">NALT</subfield>
  </datafield>
  <datafield tag="942" ind1=" " ind2=" ">
    <subfield code="c">GB</subfield>
    <subfield code="2">lcc</subfield>
  </datafield>
  <datafield tag="996" ind1=" " ind2=" ">
    <subfield code="a">chunbijaya.r</subfield>
    <subfield code="b">CATSTF	</subfield>
    <subfield code="c">2023-06-19</subfield>
  </datafield>
  <datafield tag="996" ind1=" " ind2=" ">
    <subfield code="a">saiphon.d</subfield>
    <subfield code="b">CATSTF	</subfield>
    <subfield code="c">2023-06-20</subfield>
  </datafield>
  <datafield tag="999" ind1=" " ind2=" ">
    <subfield code="c">102295</subfield>
    <subfield code="d">102295</subfield>
  </datafield>
  <datafield tag="998" ind1=" " ind2=" ">
    <subfield code="j">1020</subfield>
    <subfield code="k"> &#xE19;&#xE32;&#xE07;&#xE08;&#xE33;&#xE40;&#xE23;&#xE35;&#xE22;&#xE07;  &#xE23;&#xE30;&#xE27;&#xE31;&#xE07;&#xE2A;&#xE33;&#xE42;&#xE23;&#xE07;</subfield>
  </datafield>
  <datafield tag="952" ind1=" " ind2=" ">
    <subfield code="0">0</subfield>
    <subfield code="1">0</subfield>
    <subfield code="2">lcc</subfield>
    <subfield code="4">0</subfield>
    <subfield code="7">0</subfield>
    <subfield code="8">CGBL</subfield>
    <subfield code="a">NALT</subfield>
    <subfield code="b">NALT</subfield>
    <subfield code="c">GEN</subfield>
    <subfield code="d">2023-06-19</subfield>
    <subfield code="l">1</subfield>
    <subfield code="o">HV 551.5.T5 &#xE17;179&#xE15; 2564</subfield>
    <subfield code="p">3961223218</subfield>
    <subfield code="r">2024-04-18 00:00:00</subfield>
    <subfield code="s">2024-04-17</subfield>
    <subfield code="t">&#xE09;.1</subfield>
    <subfield code="w">2023-06-19</subfield>
    <subfield code="y">GB</subfield>
  </datafield>
  <datafield tag="952" ind1=" " ind2=" ">
    <subfield code="0">0</subfield>
    <subfield code="1">0</subfield>
    <subfield code="2">lcc</subfield>
    <subfield code="4">0</subfield>
    <subfield code="7">0</subfield>
    <subfield code="8">CGBL</subfield>
    <subfield code="a">NALT</subfield>
    <subfield code="b">NALT</subfield>
    <subfield code="c">GEN</subfield>
    <subfield code="d">2023-06-19</subfield>
    <subfield code="o">HV 551.5.T5 &#xE17;179&#xE15; 2564</subfield>
    <subfield code="p">3961223219</subfield>
    <subfield code="r">2023-07-26 00:00:00</subfield>
    <subfield code="t">&#xE09;.2</subfield>
    <subfield code="w">2023-06-19</subfield>
    <subfield code="y">GB</subfield>
  </datafield>
</record>
